[Event "GCT Finals 2025"]
[Site "Sao Paulo BRA"]
[Date "2025.10.03"]
[Round "2.3"]
[White "Vachier-Lagrave, Maxime"]
[Black "Caruana, Fabiano"]
[Result "1-0"]
[WhiteTitle "GM"]
[BlackTitle "GM"]
[WhiteElo "2738"]
[BlackElo "2789"]
[WhiteFideId "623539"]
[BlackFideId "2020009"]
[EventDate "2025.09.28"]
[EventType "k.o."]

1. e4 c5 2. Nf3 Nc6 3. d4 cxd4 4. Nxd4 e5 5. Nb5 d6 6. N1c3 a6 7. Na3 Nf6 8. Bg5
b5 9. Bxf6 gxf6 10. Nd5 f5 11. Bd3 Be6 12. O-O Bg7 13. Qd2 O-O 14. c3 Kh8 15.
Nc2 fxe4 16. Bxe4 f5 17. Nf4 Bd7 18. Bxc6 Bxc6 19. Ne6 Qf6 20. Nxf8 Bh6 21. Ne3
Rxf8 22. Rad1 Rd8 23. Nd5 Qe6 24. f4 a5 25. b3 a4 26. bxa4 bxa4 27. c4 Bg7 28.
Qe3 Rg8 29. Qh3 Bd7 30. Kh1 h6 31. Rb1 exf4 32. Rbe1 Be5 33. Rxf4 Kh7 34. Qd3
Rg5 35. Rf3 Qf7 36. h3 Be6 37. Ref1 Kh8 38. Qe2 Qg7 39. Rb1 Rg3 40. Qf2 Rxf3 41.
gxf3 Qf7 42. f4 Bg7 43. Qf3 Qa7 44. Re1 Qf7 45. Kh2 Kh7 46. Re2 Kh8 47. Rg2 Kh7
48. h4 Kh8 49. h5 Qa7 50. Qe3 Qf7 51. Qf3 Qa7 52. Qg3 Bxd5 53. cxd5 Qd4 54. a3
Kg8 55. Qxg7+ Qxg7 56. Rxg7+ Kxg7 57. Kg3 Kf7 58. Kf3 Ke7 59. Ke3 Kd7 60. Kd4
Kc7 61. Kc4 Kb6 62. Kb4 1-0

[Event "GCT Finals 2025"]
[Site "Sao Paulo BRA"]
[Date "2025.10.03"]
[Round "2.3"]
[White "Praggnanandhaa, R"]
[Black "Aronian, Levon"]
[Result "0-1"]
[WhiteTitle "GM"]
[BlackTitle "GM"]
[WhiteElo "2785"]
[BlackElo "2744"]
[WhiteFideId "25059530"]
[BlackFideId "13300474"]
[EventDate "2025.09.28"]
[EventType "k.o."]

1. c4 Nf6 2. Nf3 b6 3. d4 e6 4. Bf4 Bb4+ 5. Nbd2 Bb7 6. e3 Be7 7. Bd3 Nh5 8. Be4
d5 9. cxd5 exd5 10. Bc2 Nxf4 11. exf4 Nc6 12. O-O Qd6 13. Re1 O-O 14. Nf1 Qxf4
15. Ne3 Bb4 16. Nxd5 Qd6 17. Nc3 Rae8 18. Ne4 Qh6 19. Re3 Bd6 20. Qe2 Nxd4 21.
Qd1 Nxf3+ 22. Qxf3 Qxh2+ 23. Kf1 Ba6+ 24. Ke1 Qg1+ 25. Kd2 Bb4+ 0-1

[Event "GCT Finals 2025"]
[Site "Sao Paulo BRA"]
[Date "2025.10.03"]
[Round "2.4"]
[White "Caruana, Fabiano"]
[Black "Vachier-Lagrave, Maxime"]
[Result "1/2-1/2"]
[WhiteTitle "GM"]
[BlackTitle "GM"]
[WhiteElo "2789"]
[BlackElo "2738"]
[WhiteFideId "2020009"]
[BlackFideId "623539"]
[EventDate "2025.09.28"]
[EventType "k.o."]

1. d4 d5 2. c4 e6 3. Nc3 Nf6 4. cxd5 exd5 5. Bg5 Be7 6. e3 h6 7. Bh4 Bg4 8. Qc2
O-O 9. h3 Be6 10. Rd1 Nbd7 11. Bd3 c5 12. dxc5 Nxc5 13. Nge2 Rc8 14. O-O Qb6 15.
Nf4 Nxd3 16. Qxd3 Qxb2 17. Bxf6 Bxf6 18. Ncxd5 Bxd5 19. Nxd5 Qxa2 20. Nxf6+ gxf6
21. Qd4 Qe6 22. Qxa7 b5 23. Rb1 Qf5 24. Qa5 Rc5 25. Rb4 Rfc8 26. Kh2 Qe5+ 27. g3
Rc2 28. Qa6 R2c6 29. Qb7 R6c7 30. Qf3 Rc4 31. Rfb1 R8c5 32. Rxc4 Rxc4 33. Rd1
Kg7 34. Rd7 Qe6 35. Rb7 Qc6 36. Qxc6 Rxc6 37. Rxb5 Rc2 38. Kg2 Ra2 39. g4 Ra1
40. Kg3 Ra2 41. Rf5 Kg6 42. Rf4 Rb2 43. Rc4 Ra2 44. Rc8 Kg7 45. Re8 Rb2 46. f3
Rb1 47. h4 Rg1+ 48. Kf4 Rh1 49. h5 Ra1 50. Rb8 Ra4+ 51. e4 Ra3 52. Rb5 Rc3 53.
Kg3 Ra3 54. Rb1 Rc3 55. Re1 Ra3 56. Kf4 Rb3 57. Re3 Rb5 58. Rd3 Ra5 59. Re3 Rb5
60. e5 fxe5+ 61. Rxe5 Rb3 62. Ra5 Rb4+ 63. Kf5 Rb3 64. f4 Rh3 65. Ra1 Rh2 66.
Ke4 Re2+ 67. Kf3 Rb2 68. Ra3 Rb5 69. Kg3 Rc5 70. Kh4 Rc4 71. Rf3 Kf6 72. Kg3 Rc5
73. Re3 Kg7 74. Re5 Rc3+ 75. Kh4 Rf3 76. Re4 f6 77. f5 Ra3 78. Re7+ Kg8 79. Re1
Kf7 80. Rg1 Ke7 81. Rg3 Ra4 82. Rb3 Kf7 83. Kg3 Kg7 84. Kf3 Rc4 85. Rb7+ Kg8 86.
Re7 Ra4 87. Re4 Ra3+ 88. Kf4 Kf7 89. Rb4 Ra7 90. Ke4 Rd7 91. Rd4 Re7+ 92. Kd5
Re1 93. Kd6 Re2 94. Kd7 Re1 95. Kc8 Re8+ 96. Kc7 Re1 97. Rd7+ Kg8 98. Kd6 Re2
99. Rb7 Re4 100. Ra7 Re1 101. Kd7 Re4 102. Rb7 Kf8 103. Kd6 Kg8 104. Rd7 Re1
105. Re7 Ra1 106. Rb7 Re1 107. Re7 Ra1 108. Rb7 Re1 109. Re7 1/2-1/2

[Event "GCT Finals 2025"]
[Site "Sao Paulo BRA"]
[Date "2025.10.03"]
[Round "2.4"]
[White "Aronian, Levon"]
[Black "Praggnanandhaa, R"]
[Result "1-0"]
[WhiteTitle "GM"]
[BlackTitle "GM"]
[WhiteElo "2744"]
[BlackElo "2785"]
[WhiteFideId "13300474"]
[BlackFideId "25059530"]
[EventDate "2025.09.28"]
[EventType "k.o."]

1. d4 Nf6 2. Nf3 d5 3. c4 e6 4. Nc3 Bb4 5. Bg5 dxc4 6. e4 c5 7. Bxc4 cxd4 8.
Nxd4 Bd7 9. O-O Nc6 10. Rc1 h6 11. Bf4 Nxd4 12. Qxd4 Bc6 13. Bd5 O-O 14. Qxb4
exd5 15. Rfd1 Re8 16. exd5 Nxd5 17. Nxd5 Bxd5 18. g3 g5 19. Bc7 Qd7 20. Qc5 Rad8
21. Bxd8 Rxd8 22. Rc3 b6 23. Qc7 Qe8 24. Re3 Qf8 25. Qe7 1-0

[Event "GCT Finals 2025"]
[Site "Sao Paulo BRA"]
[Date "2025.10.03"]
[Round "2.5"]
[White "Vachier-Lagrave, Maxime"]
[Black "Caruana, Fabiano"]
[Result "0-1"]
[WhiteTitle "GM"]
[BlackTitle "GM"]
[WhiteElo "2738"]
[BlackElo "2789"]
[WhiteFideId "623539"]
[BlackFideId "2020009"]
[EventDate "2025.09.28"]
[EventType "k.o."]

1. e4 c5 2. Nf3 Nc6 3. d4 cxd4 4. Nxd4 e5 5. Nb5 d6 6. N1c3 a6 7. Na3 Nf6 8. Bg5
b5 9. Bxf6 gxf6 10. Nd5 f5 11. Bd3 Be6 12. O-O Bg7 13. Qh5 Rb8 14. c3 f4 15. Nc2
a5 16. b4 O-O 17. a4 bxa4 18. Rxa4 h6 19. bxa5 Nxa5 20. Ncb4 Rc8 21. Rd1 Kh8 22.
Be2 Nb3 23. Ra7 Nc5 24. Bf3 Nd7 25. h3 Rc4 26. Re1 Qg5 27. Qxg5 hxg5 28. Ra6
Rfc8 29. Rxd6 Bf8 30. Ra6 Rxc3 31. Nxc3 Bxb4 32. Rd1 Nc5 33. Rxe6 fxe6 34. Ne2
Kg7 35. Rb1 Ba5 36. Rc1 Kf6 37. g3 Bb6 38. Kg2 Rd8 39. Rb1 Rd6 40. Nc1 Ba7 41.
Ra1 Rd7 42. Ra2 Bb6 43. Rb2 Rd6 44. h4 gxh4 45. gxh4 Nd7 46. Ne2 Nf8 47. Ng1 Bd4
48. Rb7 Ng6 49. h5 Nh4+ 50. Kf1 Ra6 51. h6 Ra1+ 52. Ke2 Rxg1 53. h7 Ng6 54. Rb8
Kg7 55. Rb7+ Kh8 56. Bh5 Rg5 57. Bxg6 Rxg6 58. Kf3 Rg7 0-1

[Event "GCT Finals 2025"]
[Site "Sao Paulo BRA"]
[Date "2025.10.03"]
[Round "2.5"]
[White "Praggnanandhaa, R"]
[Black "Aronian, Levon"]
[Result "0-1"]
[WhiteTitle "GM"]
[BlackTitle "GM"]
[WhiteElo "2785"]
[BlackElo "2744"]
[WhiteFideId "25059530"]
[BlackFideId "13300474"]
[EventDate "2025.09.28"]
[EventType "k.o."]

1. b3 c5 2. Bb2 Nc6 3. e3 Nf6 4. Nf3 g6 5. Bxf6 exf6 6. c4 d5 7. cxd5 Qxd5 8.
Nc3 Qd8 9. Rc1 Bd7 10. Bc4 f5 11. h4 Bg7 12. h5 O-O 13. hxg6 hxg6 14. d4 cxd4
15. exd4 Rc8 16. Kf1 a6 17. Ne2 b5 18. Bd3 Be6 19. Qd2 Bd5 20. Qf4 Bxf3 21. gxf3
Nxd4 22. Rxc8 Qxc8 23. Nxd4 Qc3 24. Bxf5 Qxd4 25. Be4 f5 26. Qg5 fxe4 27. Qxg6
Qd1+ 0-1

[Event "GCT Finals 2025"]
[Site "Sao Paulo BRA"]
[Date "2025.10.03"]
[Round "2.6"]
[White "Caruana, Fabiano"]
[Black "Vachier-Lagrave, Maxime"]
[Result "1-0"]
[WhiteTitle "GM"]
[BlackTitle "GM"]
[WhiteElo "2789"]
[BlackElo "2738"]
[WhiteFideId "2020009"]
[BlackFideId "623539"]
[EventDate "2025.09.28"]
[EventType "k.o."]

1. Nf3 d5 2. c4 e6 3. g3 Nf6 4. Bg2 dxc4 5. Qa4+ Nbd7 6. Qxc4 a6 7. Qc2 c5 8.
Nc3 Qc7 9. O-O b6 10. d4 Bb7 11. Rd1 Bd6 12. dxc5 Nxc5 13. Bg5 O-O 14. Bxf6 gxf6
15. Rac1 Be7 16. b4 Ne4 17. Nd5 Qd8 18. Qxe4 exd5 19. Qg4+ Kh8 20. Qh5 Rg8 21.
Nd4 Rg6 22. Nc6 Qe8 23. Bxd5 Bf8 24. Qf3 Rc8 25. a3 a5 26. bxa5 bxa5 27. Nxa5
Rxc1 28. Rxc1 Bxd5 29. Qxd5 Bxa3 30. Rb1 Rg5 31. Qd2 Kg7 32. Nc4 Bc5 33. Qd3 Qe6
34. e3 Rh5 35. Nd2 Rd5 36. Qe2 Qf5 37. Rc1 Bb4 38. Nf3 Qg4 39. Rc4 1-0

[Event "GCT Finals 2025"]
[Site "Sao Paulo BRA"]
[Date "2025.10.03"]
[Round "2.6"]
[White "Aronian, Levon"]
[Black "Praggnanandhaa, R"]
[Result "1-0"]
[WhiteTitle "GM"]
[BlackTitle "GM"]
[WhiteElo "2744"]
[BlackElo "2785"]
[WhiteFideId "13300474"]
[BlackFideId "25059530"]
[EventDate "2025.09.28"]
[EventType "k.o."]

1. e4 d5 2. exd5 Qxd5 3. Nc3 Qa5 4. Bc4 Nf6 5. d3 c6 6. Qe2 Bg4 7. f3 Bd7 8. Bd2
e6 9. f4 Be7 10. Nf3 Qc7 11. O-O b5 12. Bb3 Na6 13. a3 O-O 14. Ne5 Bd6 15. Rf3
c5 16. Rh3 Bc6 17. Rf1 Rad8 18. Be1 b4 19. Bh4 Be7 20. Nxc6 Qxc6 21. Ne4 Rfe8
22. Bxf6 Bxf6 23. Nxf6+ gxf6 24. f5 Qd6 25. Qg4+ Kf8 26. fxe6 Qd4+ 27. Qxd4 Rxd4
28. Rxf6 1-0

[Event "GCT Finals 2025"]
[Site "Sao Paulo BRA"]
[Date "2025.10.03"]
[Round "2.7"]
[White "Vachier-Lagrave, Maxime"]
[Black "Caruana, Fabiano"]
[Result "0-1"]
[WhiteTitle "GM"]
[BlackTitle "GM"]
[WhiteElo "2738"]
[BlackElo "2789"]
[WhiteFideId "623539"]
[BlackFideId "2020009"]
[EventDate "2025.09.28"]
[EventType "k.o."]

1. e4 c5 2. Nf3 Nc6 3. d4 cxd4 4. Nxd4 e5 5. Nb5 d6 6. N1c3 a6 7. Na3 Nf6 8. Bg5
b5 9. Bxf6 gxf6 10. Nd5 f5 11. Bd3 Be6 12. O-O Bxd5 13. exd5 Ne7 14. c4 e4 15.
Be2 Bg7 16. Qd2 bxc4 17. Nxc4 O-O 18. Qf4 Nxd5 19. Qxf5 Ne7 20. Qh5 d5 21. Rad1
f5 22. b3 Kh8 23. g3 Qc7 24. Ne3 d4 25. Nc4 Nd5 26. Bg4 Ne7 27. Bh3 Rad8 28. Kh1
Rd5 29. Rfe1 Rc5 30. Bg2 Nd5 31. Qg5 Nc3 32. Rd2 f4 33. Qg4 f3 34. Bh3 Qc6 35.
Qe6 Qxe6 36. Bxe6 d3 37. Ne3 Ne2 38. Rdd1 Bd4 39. Bc4 Bxe3 40. fxe3 a5 41. Rf1
a4 42. Rd2 a3 43. g4 Kg7 44. Rf2 h5 45. gxh5 Rxh5 46. Bxd3 exd3 47. Rxd3 Rc5 48.
h3 Ng3+ 0-1

[Event "GCT Finals 2025"]
[Site "Sao Paulo BRA"]
[Date "2025.10.03"]
[Round "2.7"]
[White "Praggnanandhaa, R"]
[Black "Aronian, Levon"]
[Result "1-0"]
[WhiteTitle "GM"]
[BlackTitle "GM"]
[WhiteElo "2785"]
[BlackElo "2744"]
[WhiteFideId "25059530"]
[BlackFideId "13300474"]
[EventDate "2025.09.28"]
[EventType "k.o."]

1. d4 Nf6 2. Nf3 e6 3. Bf4 b6 4. e3 Bb7 5. h3 Bd6 6. Bxd6 cxd6 7. Bd3 d5 8. O-O
Nc6 9. Nbd2 O-O 10. c3 Ne7 11. Re1 Ne4 12. a4 a5 13. c4 f5 14. Rc1 Ng6 15. cxd5
Bxd5 16. Bc4 Ne7 17. Ne5 d6 18. Nd3 g5 19. f3 Nxd2 20. Qxd2 Bxc4 21. Rxc4 Nd5
22. Rec1 Ra7 23. e4 fxe4 24. fxe4 Nf4 25. Rc8 Qf6 26. e5 dxe5 27. dxe5 Qf5 28.
Nxf4 gxf4 29. Rxf8+ Kxf8 30. Qd8+ Kg7 31. Rc8 Rf7 32. Kf2 Kg6 33. Qd4 Kh6 34.
Rc3 Qb1 35. Rf3 Qc2+ 36. Kg1 Kg7 37. Kh2 Qc5 38. Rxf4 Qxd4 39. Rxd4 Rf5 40. Rd6
Rxe5 41. Rxb6 Kf6 42. Kg3 Re2 43. b3 h5 44. Kf3 Rb2 45. g3 Kf5 46. Rb5+ e5 47.
g4+ hxg4+ 48. hxg4+ Ke6 49. Ke4 Re2+ 50. Kd3 Rg2 51. Rxa5 Rxg4 52. Rb5 Rg3+ 53.
Ke2 Kf5 54. a5 Kf4 55. a6 Rg2+ 56. Kf1 Ra2 57. Rb4+ e4 58. Ra4 Rh2 59. a7 Kf3
60. Kg1 1-0

[Event "GCT Finals 2025"]
[Site "Sao Paulo BRA"]
[Date "2025.10.03"]
[Round "2.8"]
[White "Caruana, Fabiano"]
[Black "Vachier-Lagrave, Maxime"]
[Result "1/2-1/2"]
[WhiteTitle "GM"]
[BlackTitle "GM"]
[WhiteElo "2789"]
[BlackElo "2738"]
[WhiteFideId "2020009"]
[BlackFideId "623539"]
[EventDate "2025.09.28"]
[EventType "k.o."]

1. d4 Nf6 2. c4 e6 3. Nf3 c5 4. Nc3 cxd4 5. Nxd4 d5 6. cxd5 Nxd5 7. Bd2 Nb6 8.
Nf3 Nc6 9. e4 Bc5 10. Bb5 O-O 11. O-O Bd7 12. Qe2 a6 13. Bxc6 Bxc6 14. Be3 Qe7
15. Ne5 Rac8 16. Rac1 Bd6 17. Nf3 Nd7 18. Nd4 Nf6 19. f3 Bd7 20. Rfd1 Rfd8 21.
Qf2 Ne8 22. Nb3 Bc6 23. Bb6 Bc7 24. Bxc7 Qxc7 25. Rxd8 Rxd8 26. Rd1 Rxd1+ 27.
Nxd1 Ba4 28. Nc3 Bxb3 29. axb3 h5 30. g3 Nf6 31. Kg2 Qd6 32. Qe2 Nd7 33. f4 h4
34. e5 Qb6 35. Qd1 Nf8 36. Ne4 Qc6 37. Qd3 a5 38. Kh3 hxg3 39. hxg3 Qc1 40. Ng5
Qh1+ 41. Kg4 g6 42. Nh3 Kg7 43. Qd8 Nh7 44. Qd7 b5 45. Qd3 a4 46. bxa4 bxa4 47.
Qd2 f5+ 48. Kh4 Qf3 49. Qd7+ Kf8 50. Qd8+ Kf7 51. Qd7+ Kf8 52. Qd8+ Kf7 53. Qd7+
Kf8 54. Qd8+ 1/2-1/2

[Event "GCT Finals 2025"]
[Site "Sao Paulo BRA"]
[Date "2025.10.03"]
[Round "2.8"]
[White "Aronian, Levon"]
[Black "Praggnanandhaa, R"]
[Result "1-0"]
[WhiteTitle "GM"]
[BlackTitle "GM"]
[WhiteElo "2744"]
[BlackElo "2785"]
[WhiteFideId "13300474"]
[BlackFideId "25059530"]
[EventDate "2025.09.28"]
[EventType "k.o."]

1. e4 e5 2. Nf3 Nc6 3. Bb5 a6 4. Ba4 d6 5. O-O Bd7 6. c3 g5 7. d4 h6 8. dxe5
dxe5 9. Re1 Qf6 10. b4 g4 11. Nfd2 h5 12. Nf1 O-O-O 13. b5 axb5 14. Bxb5 h4 15.
Qa4 g3 16. Be3 Nb8 17. Nbd2 Bh6 18. Nf3 Bg4 19. Rad1 Ne7 20. Rxd8+ Rxd8 21. hxg3
Bxe3 22. Rxe3 hxg3 23. Nxg3 Ng6 24. Rd3 Rh8 25. Nh2 Be6 26. Bc4 Nf4 27. Bxe6+
Qxe6 28. Rd2 Qh6 29. Nf3 Qb6 30. Nxe5 f6 31. Nf3 Qb1+ 32. Qd1 Qb5 33. Nd4 Qg5
34. Nde2 Ne6 35. Rd5 Qh4 1-0